|
|
|
|
| LEADER |
00000nam0a2200000 4500 |
| 001 |
109646 |
| 005 |
20231101214902.0 |
| 035 |
|
|
|a (RuTPU)RU\TPU\book\118406
|
| 090 |
|
|
|a 109646
|
| 100 |
|
|
|a 20070212d1957 km y0rusy50 ca
|
| 101 |
0 |
|
|a rus
|
| 102 |
|
|
|a RU
|
| 105 |
|
|
|a a z 001zy
|
| 200 |
1 |
|
|a Химия органических диэлектриков
|f М. М. Котон
|g Ленинградский политехнический институт им. М. И. Калинина (ЛПИ)
|
| 210 |
|
|
|a Ленинград
|c Изд-во ЛПИ
|d 1957
|
| 215 |
|
|
|a 110 с.
|c ил.
|
| 320 |
|
|
|a Библиогр.: с. 107.
|
| 606 |
1 |
|
|a Диэлектрики
|x Химия
|x (электроизоляционные материалы)
|2 stltpush
|3 (RuTPU)RU\TPU\subj\68647
|9 83840
|
| 610 |
1 |
|
|a органическая химия
|
| 610 |
1 |
|
|a органические диэлектрики
|
| 610 |
1 |
|
|a парафины
|
| 610 |
1 |
|
|a олефины
|
| 610 |
1 |
|
|a полиэтилен
|
| 610 |
1 |
|
|a каучук
|
| 610 |
1 |
|
|a фенолы
|
| 610 |
1 |
|
|a спирты
|
| 610 |
1 |
|
|a эфиры
|
| 610 |
1 |
|
|a перекиси
|
| 610 |
1 |
|
|a эпоксидные смолы
|
| 610 |
1 |
|
|a аминокислоты
|
| 610 |
1 |
|
|a кремнийорганические соединения
|
| 675 |
|
|
|a 621.315.61:54
|v 3
|
| 700 |
|
1 |
|a Котон
|b М. М.
|g Михаил Михайлович
|
| 712 |
0 |
2 |
|a Ленинградский политехнический институт им. М. И. Калинина (ЛПИ)
|2 stltpush
|3 (RuTPU)RU\TPU\col\2601
|
| 801 |
|
1 |
|a RU
|b 63413507
|c 20070212
|g PSBO
|
| 801 |
|
2 |
|a RU
|b 63413507
|c 20210810
|g PSBO
|
| 942 |
|
|
|c BK
|